Export Ready — 

Fustat finds : beads, coins, medical instruments, textiles, and other artifacts from the Awad collection /

Saved in:

Other Authors: Bacharach, Jere L.,‪ 1938-

Format: Book

Language: English

Published: Cairo ; New York : American University in Cairo Press, 2002.

Subjects:

Tags: Add Tag

No Tags, Be the first to tag this record!

Call Number: DT150.5 .F8 F87 2002

LEADER 01985namaa2200277 4500
001 14207
003 OSt
005 20250526084735.0
008 190929s2002 ua af b 000 0 eng d
010 |a 2002319413 
020 |a 9774243935 
040 |c ARCE Library 
043 |a f-ua--- 
050 4 |a DT150.5 .F8 F87 2002 
245 0 0 |a Fustat finds :   |b beads, coins, medical instruments, textiles, and other artifacts from the Awad collection /   |c edited by Jere L. Bacharach. 
264 1 |a Cairo ;  |a New York :  |b American University in Cairo Press,  |c 2002. 
300 |a xi, 235 pages, 16 pages of plates :   |b illustrations (some color) ;  |c 24 cm. 
504 |a Includes bibliographical references. 
505 0 |a Machine generated contents note : Foreword Ibrahim Abd al-Rahman & 'Abd al-Rahman 'Abd al-Tawwab -- Introduction Jere L. Bacharach -- Beads Peter Francis, Jr. -- Bone, Ivory, and Wood Jere L. Bacharach & Elizabeth Rodenbeck -- Coins -- Introduction Jere L. Bacharach -- Coin Table: -- Primary Identifiers Jere L. Bacharach (Ayyubid), Michael L. -- Bates (Egyptian copper), Peter Mentzel -- (Tulunid, Mamluk), Norman D. Nicol (Pre- -- Islamic, Fatimid, Ottoman, Seljuqs of Rum), -- Luke Treadwell (Umayyad, 'Abbasid) -- Bibliography Norman D. Nicol -- Copper Coinage of Egypt -- in the Seventh Century Lidia Domaszewicz & Michael L. Bates -- Glass Weights and Vessel Stamps Katharina Eldada -- Glass Vessel Stamp Data -- for Materia Medica Sami K. Hamareh & Henri Amin Awad -- Medical Instruments Sami K. Hamameh & Henri Amin Awad -- Medical Prescriptions Henri Amin Awad -- Metal Objects Jere L. Bacharach & Elizabeth Rodenbeck -- Textiles Nancy Arthur Hoskins -- Selected Bibliography of Published Works by Dr. Henri Amin Awad. 
600 1 0 |a Awad, Henri Amin,  |d 1926- 
650 0 |a Islamic antiquities  |z Egypt  |z Cairo. 
651 0 |a Fusṭāṭ (Cairo, Egypt)  |x Antiquities. 
700 1 |a Bacharach, Jere L.,‪   |d 1938- 
901 |a reviewed 
942 |c BK  |2 lcc 
999 |c 15115  |d 15115